000 00433nam a2200145Ia 4500
008 100204s9999 xx 000 0 und d
082 _b7686
100 _aरांगणेकर कुमुदिनी
245 _aकल्पना
260 _b"मनोरमा प्रकाशन , मुंबई"
_c1985 2
300 _a148
630 _aकल्पना
730 _aकल्पना
942 _cBOOK
999 _c452122
_d452119